Elektronické bankovníctvo v SR
Po zmene režimu sa Slovensko pomerne rýchlo dostáva v oblasti elektronického bankovníctva na úroveň okolitých krajín. Vývoj foriem elektronického bankovníctva. Prehľad služieb elektronického bankovníctva. Mobil banking. Smerovanie elektronického bankovníctva. Zavádzanie CRM (customer relationship ma...
Gespeichert in:
| 1. Verfasser: | |
|---|---|
| Format: | Buchkapitel |
| Sprache: | Slowakisch |
| Schlagworte: | |
| Tags: |
Keine Tags, Fügen Sie das erste Tag hinzu!
|
MARC
| LEADER | 00000naa a2200000 4500 | ||
|---|---|---|---|
| 001 | r040132 | ||
| 005 | 20230920071746.1 | ||
| 041 | 0 | |a slo | |
| 044 | |a SK | ||
| 245 | 1 | 0 | |a Elektronické bankovníctvo v SR |c Marianna Onuferová |
| 520 | |a Po zmene režimu sa Slovensko pomerne rýchlo dostáva v oblasti elektronického bankovníctva na úroveň okolitých krajín. Vývoj foriem elektronického bankovníctva. Prehľad služieb elektronického bankovníctva. Mobil banking. Smerovanie elektronického bankovníctva. Zavádzanie CRM (customer relationship management). | ||
| 610 | 2 | 0 | |a bankovníctvo elektronické |
| 610 | 2 | 0 | |a Slovensko |
| 610 | 2 | 0 | |a služby obchodné |
| 610 | 2 | 0 | |a technológie informačné |
| 610 | 2 | 0 | |a know-how |
| 610 | 2 | 0 | |a banky |
| 610 | 2 | 0 | |a zákazníci |
| 610 | 2 | 0 | |a služby bankové |
| 100 | 1 | |a Onuferová, Marianna | |